| 000 | 00794cam a2200277 4500500 | ||
|---|---|---|---|
| 005 | 20260405003643.0 | ||
| 041 | _afre | ||
| 042 | _adc | ||
| 100 | 1 | 0 |
_ade Oliveira, Victorine _eauthor |
| 245 | 0 | 0 | _aBlaise Pascal par Cédric Villani : le jeu de la science et de la raison |
| 260 | _c2023. | ||
| 500 | _a37 | ||
| 690 | _aBlaise Pascal | ||
| 690 | _aCalcul | ||
| 690 | _aCédric Villani | ||
| 690 | _aFoi | ||
| 690 | _agénie | ||
| 690 | _aMathématique | ||
| 690 | _aMécanique | ||
| 690 | _aPascal | ||
| 690 | _aPensées | ||
| 690 | _aProbabilité | ||
| 690 | _aRaison | ||
| 786 | 0 | _nPhilosophie magazine | 167 | 2 | 2023-03-01 | p. 43-45 | 1951-1787 | |
| 856 | 4 | 1 | _uhttps://shs.cairn.info/magazine-philosophie-magazine-2023-2-page-43?lang=fr&redirect-ssocas=7080 |
| 999 |
_c2069648 _d2069648 |
||